Company Law & Practice: A Comprehensive Text Book on Companies Act 2013 (Record no. 12320)

MARC details
000 -LEADER
fixed length control field 00472nam a22001697a 4500
003 - CONTROL NUMBER IDENTIFIER
control field OSt
008 - FIXED-LENGTH DATA ELEMENTS--GENERAL INFORMATION
fixed length control field 240327b |||||||| |||| 00| 0 eng d
020 ## - INTERNATIONAL STANDARD BOOK NUMBER
International Standard Book Number 9789357788922
082 ## - DEWEY DECIMAL CLASSIFICATION NUMBER
Classification number 347.7 KAC
100 ## - MAIN ENTRY--PERSONAL NAME
Personal name KAPOOR, G.K. and DHAMIJA, Sanjay
245 ## - TITLE STATEMENT
Title Company Law & Practice: A Comprehensive Text Book on Companies Act 2013
250 ## - EDITION STATEMENT
Edition statement 27th. ed.
260 ## - PUBLICATION, DISTRIBUTION, ETC. (IMPRINT)
Place of publication, distribution, etc New Delhi
Name of publisher, distributor, etc Taxmann's Publications
Date of publication, distribution, etc 2024
300 ## - PHYSICAL DESCRIPTION
Extent 1150 p.
650 ## - SUBJECT ADDED ENTRY--TOPICAL TERM
Topical term or geographic name as entry element Commerce
942 ## - ADDED ENTRY ELEMENTS (KOHA)
Source of classification or shelving scheme Dewey Decimal Classification
Koha item type Text Books
Holdings
Withdrawn status Lost status Source of classification or shelving scheme Damaged status Not for loan Collection code Home library Current library Date acquired Source of acquisition Currency Cost, normal purchase price Bill Number Total Checkouts Full call number Acc. no. / Barcode Date last seen Actual Cost, discounted price Bill Date Koha item type
    Dewey Decimal Classification     B.Com. Hons PIET NCR College Library PIET NCR College Library 23/03/2024 Zafaa Books & Distributors In Rupees 1495.00 ZBD0438   347.7 KAC N3503 27/03/2024 971.75 23/03/2024 Reference Books
    Dewey Decimal Classification     B.Com. Hons PIET NCR College Library PIET NCR College Library 23/03/2024 Zafaa Books & Distributors In Rupees 1495.00 ZBD0438   347.7 KAC N3504 27/03/2024 971.75 23/03/2024 Text Books
    Dewey Decimal Classification     B.Com. Hons PIET NCR College Library PIET NCR College Library 23/03/2024 Zafaa Books & Distributors In Rupees 1495.00 ZBD0438   347.7 KAC N3505 27/03/2024 971.75 23/03/2024 Text Books
    Dewey Decimal Classification     B.Com. Hons PIET NCR College Library PIET NCR College Library 23/03/2024 Zafaa Books & Distributors In Rupees 1495.00 ZBD0438   347.7 KAC N3506 27/03/2024 971.75 23/03/2024 Text Books
    Dewey Decimal Classification     B.Com. Hons PIET NCR College Library PIET NCR College Library 23/03/2024 Zafaa Books & Distributors In Rupees 1495.00 ZBD0438   347.7 KAC N3507 27/03/2024 971.75 23/03/2024 Text Books

Design & Developed by: PIET Central Library
R70 Miles Stone Pattikalyana Samalkha Panipat 132102
mail ID :- [email protected], Phone No:- 0180-2569700 Ex.216